Designing the internet of things (Record no. 4207)
[ view plain ]
| 000 -LEADER | |
|---|---|
| fixed length control field | 00649nam a22002297a 4500 |
| 003 - CONTROL NUMBER IDENTIFIER | |
| control field | OSt |
| 005 - DATE AND TIME OF LATEST TRANSACTION | |
| control field | 20220107122746.0 |
| 008 - FIXED-LENGTH DATA ELEMENTS--GENERAL INFORMATION | |
| fixed length control field | 131206b xxu||||| |||| 00| 0 eng d |
| 020 ## - INTERNATIONAL STANDARD BOOK NUMBER | |
| International Standard Book Number | 9781118430620 |
| 040 ## - CATALOGING SOURCE | |
| Transcribing agency | IIITM-K |
| 082 ## - DEWEY DECIMAL CLASSIFICATION NUMBER | |
| Classification number | 004.62 McE/D |
| 100 ## - MAIN ENTRY--PERSONAL NAME | |
| Personal name | McEwen, Adrian |
| 9 (RLIN) | 5299 |
| 245 ## - TITLE STATEMENT | |
| Title | Designing the internet of things |
| Statement of responsibility, etc. | Adrian McEwen; Hakim Cassimally |
| 260 ## - PUBLICATION, DISTRIBUTION, ETC. | |
| Place of publication, distribution, etc. | U.K, |
| Name of publisher, distributor, etc. | Wiley, |
| Date of publication, distribution, etc. | 2014. |
| 300 ## - PHYSICAL DESCRIPTION | |
| Extent | xi, 324p. |
| 650 ## - SUBJECT ADDED ENTRY--TOPICAL TERM | |
| Topical term or geographic name entry element | COMPUTER SCIENCE |
| 9 (RLIN) | 2593 |
| 650 ## - SUBJECT ADDED ENTRY--TOPICAL TERM | |
| Topical term or geographic name entry element | COMMUNICATION ENGINEERING |
| 9 (RLIN) | 5300 |
| 650 ## - SUBJECT ADDED ENTRY--TOPICAL TERM | |
| Topical term or geographic name entry element | NETWORK COMMUNICATION SYSTEMS |
| 9 (RLIN) | 2594 |
| 650 ## - SUBJECT ADDED ENTRY--TOPICAL TERM | |
| Topical term or geographic name entry element | INTERNET |
| 9 (RLIN) | 5301 |
| 700 ## - ADDED ENTRY--PERSONAL NAME | |
| Personal name | Cassimally, Hakim |
| 9 (RLIN) | 5302 |
| 942 ## - ADDED ENTRY ELEMENTS (KOHA) | |
| Source of classification or shelving scheme | Dewey Decimal Classification |
| Koha item type | Books |
| Withdrawn status | Lost status | Source of classification or shelving scheme | Damaged status | Not for loan | Collection code | Home library | Current library | Shelving location | Date acquired | Cost, normal purchase price | Total Checkouts | Full call number | Barcode | Date last seen | Date last checked out | Price effective from | Koha item type |
|---|---|---|---|---|---|---|---|---|---|---|---|---|---|---|---|---|---|
| Dewey Decimal Classification | TCP/ IP /Internet of Things / IOT | Kerala University of Digital Sciences, Innovation and Technology Knowledge Centre | Kerala University of Digital Sciences, Innovation and Technology Knowledge Centre | Computer Science | 26/05/2014 | 1377.00 | 2 | 004.62 McE/D | 3873 | 03/12/2020 | 22/12/2015 | 26/05/2014 | Books |